FIFA 21 What If - Statistics

General Stats
  • This quiz has been taken 43 times
  • The average score is 11 of 31
Answer Stats
Final Rating Club Player % Correct
92 Borussia Dortmund Jadon Sancho
83%
91 Chelsea N'Golo Kante
74%
91 Napoli Dries Mertens
65%
90 Sevilla Alejandro Gomez
48%
89 Sassuolo Francesco Caputo
39%
90 Arsenal Martin Odegaard
39%
88 Porto Pepe
39%
85 Blackburn Rovers Adam Armstrong
35%
90 Roma Chris Smalling
35%
87 Wolfsburg Kevin Mbabu
35%
87 Feyenoord Leroy Fer
35%
89 Frankfurt Luka Jovic
35%
90 Lyon Marcelo
35%
89 Leicester City Ricardo Pereira
35%
88 Levante Jose Morales
30%
87 Monaco Krepin Diatta
30%
90 Lazio Lucas Leiva
30%
87 Everton Richarlison
30%
89 Tottenham Hotspur Sergio Reguilon
30%
74 Lille Timothy Weah
30%
89 Marseille Florian Thauvin
26%
89 Hertha Berlin Matteo Guendouzi
26%
88 Nice Pierre Lees-Melou
26%
87 Leeds Raphinha
26%
87 Udinese Roberto Pereyra
26%
86 Freiburg Vincenzo Grifo
26%
89 Athletic Bilbao Yuri Berchiche
26%
89 Real Betis Cristian Tello
22%
88 Valencia Daniel Wass
22%
86 Fiorentina Kevin Malcuit
22%
88 Bayer Leverkusen Wendell
22%
No matching quizzes found
Score Distribution
Percent of People with Each Score
Percentile by Number Answered
Your Score History
You have not taken this quiz